000 00792nam a22001937a 4500
005 20100429120158.0
008 080922t xxu||||| |||| 00| 0 eng d
020 _c450.00
_a9788189963064
037 _bPUB (Indian Council of Philosophical Research)
040 _adpl
_bEnglish
100 _aDaya Krishna
245 _aThe nature of philosophy /
_cby Daya Krishna with a new introduction by Mrinal Miri
260 _aNew Delhi
_bIndian Council of Philosophical Research
_c2009
270 _a36, Tuglakabad Institutional Area, Mehrauli-Badarpur Road,
_bNew Delhi
_e110062
300 _axxii, 338p.
_c25cm(Hb)
500 _aIncludes bibliographical references and index
942 _2ddc
_cEN
_mDAY
999 _c35511
_d35511